[Event "Tuapse Rapid op"]
[Site "Tuapse"]
[Date "2022.06.28"]
[Round "11"]
[White "Lugovskoy, Maxim"]
[Black "Sergeyev, Alexander"]
[Result "1-0"]
[WhiteElo "2397"]
[BlackElo "2306"]
[PlyCount "47"]
[EventDate "2022.06.26"]
[EventType "swiss (rapid)"]
[EventRounds "11"]
[EventCountry "RUS"]
[SourceTitle "CBM 209 Extra"]
[Source "ChessBase"]
[SourceDate "2022.09.30"]
[SourceVersion "1"]
[SourceVersionDate "2022.09.30"]
[SourceQuality "1"]

1. d4 d5 2. Nc3 Nf6 3. Bf4 a6 4. Nf3 Bf5 5. e3 e6 6. Bd3 Bxd3 7. cxd3 Bd6 8. Qb3 Nc6 9. Bxd6 Qxd6 10. Qxb7 Rb8 11. Qxa6 Rxb2 12. 0-0 0-0 13. Rab1 Rxb1 14. Rxb1 Nxd4 15. Qxd6 Nxf3+ 16. gxf3 cxd6 17. Rb7 Ra8 18. Nb5 Ne8 19. a4 Kf8 20. Na7 d4 21. e4 Nf6 22. a5 Nh5 23. Nc6 Nf4 24. a6 1-0

[Event "Tuapse op"]
[Site "Tuapse"]
[Date "2022.06.25"]
[Round "9"]
[White "Sergeyev, Alexander"]
[Black "Tarasenko, Iaroslav"]
[Result "1-0"]
[WhiteElo "2324"]
[BlackElo "2005"]
[PlyCount "75"]
[EventDate "2022.06.17"]
[EventType "swiss"]
[EventRounds "9"]
[EventCountry "RUS"]
[SourceTitle "CBM 209 Extra"]
[Source "ChessBase"]
[SourceDate "2022.09.30"]
[SourceVersion "1"]
[SourceVersionDate "2022.09.30"]
[SourceQuality "1"]

1. c4 Nf6 2. Nc3 e6 3. Nf3 b6 4. g3 Bb7 5. Bg2 Be7 6. 0-0 0-0 7. Re1 d5 8. cxd5 exd5 9. d4 Nbd7 10. Bf4 Ne4 11. Ne5 c5 12. Rc1 Nxc3 13. Rxc3 Nf6 14. dxc5 bxc5 15. Qa4 Bd6 16. Nd3 Bxf4 17. Nxf4 Qe7 18. Qa3 Rfc8 19. Rec1 g5 20. Rxc5 Rxc5 21. Rxc5 Qe5 22. Nxd5 Nxd5 23. Bxd5 Bxd5 24. Qa5 Qxb2 25. Rxd5 Qb1+ 26. Kg2 Qe4+ 27. Kh3 h6 28. Re5 Qh1 29. Qd5 Qf1+ 30. Kg4 Rf8 31. f3 Kg7 32. Re7 Qb1 33. Rxa7 Qb6 34. Rd7 Qa6 35. Qe5+ Kg8 36. Rd6 Qc8+ 37. Qf5 Qc4+ 38. e4 1-0

[Event "Tuapse op"]
[Site "Tuapse"]
[Date "2022.06.24"]
[Round "8"]
[White "Sergeyev, Alexander"]
[Black "Najdin, Danil"]
[Result "0-1"]
[WhiteElo "2324"]
[BlackElo "2249"]
[PlyCount "60"]
[EventDate "2022.06.17"]
[EventType "swiss"]
[EventRounds "9"]
[EventCountry "RUS"]
[SourceTitle "CBM 209 Extra"]
[Source "ChessBase"]
[SourceDate "2022.09.30"]
[SourceVersion "1"]
[SourceVersionDate "2022.09.30"]
[SourceQuality "1"]

1. c4 Nf6 2. Nc3 g6 3. g3 Bg7 4. Bg2 0-0 5. Nf3 d6 6. 0-0 c5 7. a3 Nc6 8. Rb1 Bf5 9. d3 Qd7 10. Re1 Rad8 11. b4 b6 12. Bd2 Nd4 13. bxc5 Nxf3+ 14. Bxf3 dxc5 15. a4 Ng4 16. Nd5 Ne5 17. Bg2 Nxc4 18. Bg5 f6 19. e4 Bg4 20. f3 Na3 21. Rb3 fxg5 22. fxg4 e6 23. Rxa3 exd5 24. exd5 Bd4+ 25. Kh1 Rf2 26. Qb3 Re8 27. Qd1 Kg7 28. Be4 Ref8 29. Rb3 Ra2 30. Rf1 Qxg4 0-1

[Event "RUS-chT2"]
[Site "Sochi"]
[Date "2022.05.09"]
[Round "8.2"]
[White "Arbuzov, Mikhail"]
[Black "Sergeyev, Alexander"]
[Result "1-0"]
[WhiteElo "2181"]
[BlackElo "2328"]
[PlyCount "65"]
[EventDate "2022.05.01"]
[EventType "team-swiss"]
[EventRounds "9"]
[EventCountry "RUS"]
[SourceTitle "CBM 208 Extra"]
[Source "ChessBase"]
[SourceDate "2022.07.31"]
[SourceVersion "1"]
[SourceVersionDate "2022.07.31"]
[SourceQuality "1"]
[WhiteTeam "Moscow Northern Character II"]
[BlackTeam "Qmal QNAO"]
[WhiteTeamCountry "RUS"]
[BlackTeamCountry "RUS"]

1. Nf3 Nf6 2. b3 c5 3. Bb2 Nc6 4. e3 d6 5. d4 cxd4 6. exd4 d5 7. Be2 Bg4 8. 0-0 e6 9. h3 Bh5 10. Ne5 Bxe2 11. Qxe2 Bd6 12. Nd2 0-0 13. Ng4 Rc8 14. Nxf6+ Qxf6 15. Nf3 Qg6 16. c4 Rfd8 17. Rfd1 Ne7 18. c5 Bc7 19. b4 Qf5 20. Qd3 Qh5 21. Qe3 h6 22. Ne1 Nf5 23. Qf3 Qg6 24. g3 h5 25. Ng2 Rd7 26. b5 Re8 27. a4 Ne7 28. Bc3 f6 29. a5 a6 30. bxa6 bxa6 31. Qe2 e5 32. Qxa6 e4 33. Qe6+ 1-0

[Event "RUS-chT2"]
[Site "Sochi"]
[Date "2022.05.05"]
[Round "5.1"]
[White "Rashkovsky, Nukhim N"]
[Black "Sergeyev, Alexander"]
[Result "1/2-1/2"]
[WhiteElo "2441"]
[BlackElo "2328"]
[PlyCount "27"]
[EventDate "2022.05.01"]
[EventType "team-swiss"]
[EventRounds "9"]
[EventCountry "RUS"]
[SourceTitle "CBM 208 Extra"]
[Source "ChessBase"]
[SourceDate "2022.07.31"]
[SourceVersion "1"]
[SourceVersionDate "2022.07.31"]
[SourceQuality "1"]
[WhiteTeam "Russia Veterans"]
[BlackTeam "Qmal QNAO"]
[WhiteTeamCountry "RUS"]
[BlackTeamCountry "RUS"]

1. Nf3 Nf6 2. c4 e6 3. d4 b6 4. g3 Ba6 5. Nbd2 Bb4 6. Qb3 c5 7. Bg2 0-0 8. a3 Bxd2+ 9. Bxd2 d5 10. cxd5 exd5 11. Rc1 Re8 12. 0-0 Bxe2 13. Rfe1 c4 14. Qa4 1/2-1/2

[Event "Novy Urengoy Flaming Memorial"]
[Site "Novy Urengoy"]
[Date "2021.10.23"]
[Round "6"]
[White "Sergeyev, Alexander"]
[Black "Iljin, Timofey"]
[Result "0-1"]
[WhiteElo "2365"]
[BlackElo "2317"]
[PlyCount "100"]
[EventDate "2021.10.20"]
[EventType "tourn"]
[EventRounds "9"]
[EventCountry "RUS"]
[EventCategory "2"]
[SourceTitle "CBM 204 Extra"]
[Source "ChessBase"]
[SourceDate "2021.11.30"]
[SourceVersion "1"]
[SourceVersionDate "2021.11.30"]
[SourceQuality "1"]

1. d4 d5 2. c4 e6 3. Nc3 Bb4 4. cxd5 exd5 5. Nf3 Nf6 6. Bg5 h6 7. Bxf6 Qxf6 8. e3 0-0 9. Qb3 Qd6 10. Bd3 c6 11. 0-0 Nd7 12. Rac1 Ba5 13. Bb1 Bd8 14. e4 dxe4 15. Nxe4 Qf4 16. Rfe1 Nf6 17. Nc5 Ba5 18. Nd3 Qd6 19. Red1 Rb8 20. Nde5 Be6 21. Qc2 Bc7 22. a3 Rfe8 23. b4 a6 24. Nh4 Rbd8 25. Rd3 Qd5 26. Re1 Bxe5 27. dxe5 Qxd3 28. Qxd3 Rxd3 29. Bxd3 Nd5 30. g3 Kf8 31. f4 Rd8 32. f5 Bc8 33. Bc4 Nb6 34. e6 Re8 35. Bb3 Nd5 36. Bxd5 cxd5 37. Rc1 g5 38. fxg6 Bxe6 39. Rc7 d4 40. gxf7 Bxf7 41. Nf5 d3 42. Rd7 Bc4 43. Kf2 Bb5 44. Rd4 Re2+ 45. Kf3 Bc6+ 46. Kf4 d2 47. Rd8+ Kf7 48. Nxh6+ Ke6 49. Rd3 Re4+ 50. Kg5 Re5+ 0-1

[Event "Novy Urengoy Flaming Memorial"]
[Site "Novy Urengoy"]
[Date "2021.10.20"]
[Round "1"]
[White "Sergeyev, Alexander"]
[Black "Kunakbaev, Ilnur"]
[Result "1/2-1/2"]
[WhiteElo "2365"]
[BlackElo "2187"]
[PlyCount "57"]
[EventDate "2021.10.20"]
[EventType "tourn"]
[EventRounds "9"]
[EventCountry "RUS"]
[EventCategory "2"]
[SourceTitle "CBM 204 Extra"]
[Source "ChessBase"]
[SourceDate "2021.11.30"]
[SourceVersion "1"]
[SourceVersionDate "2021.11.30"]
[SourceQuality "1"]

1. d4 d5 2. c4 e6 3. Nc3 c5 4. cxd5 exd5 5. Nf3 Nc6 6. g3 c4 7. Bg2 Bb4 8. 0-0 Nge7 9. Bd2 0-0 10. a3 Bxc3 11. Bxc3 Bf5 12. Ne5 Re8 13. b3 b5 14. bxc4 bxc4 15. Nxc4 dxc4 16. d5 Rc8 17. dxc6 Nxc6 18. Qxd8 Nxd8 19. Rfe1 Bc2 20. Ra2 Bb3 21. Rd2 Ne6 22. Rd7 Rc7 23. Rxc7 Nxc7 24. Kf1 Nb5 25. Bc6 Rb8 26. Bxb5 Rxb5 27. Rc1 Rd5 28. Ke1 f6 29. f3 1/2-1/2

[Event "Sochi Lobanov Memorial Rapid"]
[Site "Sochi"]
[Date "2021.06.25"]
[Round "7"]
[White "Sergeyev, Alexander"]
[Black "Esipenko, Aleksandr"]
[Result "1/2-1/2"]
[WhiteElo "2368"]
[BlackElo "2075"]
[PlyCount "106"]
[EventDate "2021.06.24"]
[EventType "swiss (rapid)"]
[EventRounds "9"]
[EventCountry "RUS"]
[SourceTitle "CBM 203 Extra"]
[Source "ChessBase"]
[SourceDate "2021.09.30"]
[SourceVersion "1"]
[SourceVersionDate "2021.09.30"]
[SourceQuality "1"]

1. d4 d5 2. c4 e6 3. Nc3 Be7 4. Nf3 Nf6 5. Bg5 c6 6. e3 0-0 7. Qc2 Nbd7 8. a3 Re8 9. Rd1 Nf8 10. Be2 b6 11. 0-0 Bb7 12. Ne5 N6d7 13. Bxe7 Qxe7 14. Nxd7 Nxd7 15. cxd5 exd5 16. Rfe1 Rac8 17. Bg4 Rcd8 18. Bxd7 Qxd7 19. b4 Re6 20. Qd3 Rde8 21. b5 cxb5 22. Nxb5 Ba6 23. a4 Rc8 24. Rc1 Rec6 25. Rxc6 Qxc6 26. h3 g6 27. e4 dxe4 28. Qxe4 Qxe4 29. Rxe4 Bxb5 30. axb5 Rd8 31. Kf1 Rd5 32. Ke2 Rxb5 33. Kd3 Rb2 34. d5 Rb1 35. Kc4 Kf8 36. g4 h6 37. f4 a6 38. f5 gxf5 39. gxf5 Rc1+ 40. Kd4 Rd1+ 41. Kc4 Rc1+ 42. Kd4 Rd1+ 43. Kc4 Kg7 44. Re7 Kf6 45. Rb7 Rc1+ 46. Kd4 Rb1 47. Ke4 Rb4+ 48. Kd3 Rb1 49. Kc4 Rc1+ 50. Kd4 Rb1 51. Kc4 Rc1+ 52. Kd4 Rb1 53. Kc4 Rc1+ 1/2-1/2

[Event "Sochi Lobanov Memorial Rapid"]
[Site "Sochi"]
[Date "2021.06.25"]
[Round "9"]
[White "Sergeyev, Alexander"]
[Black "Moiseev, Valeriy"]
[Result "1/2-1/2"]
[WhiteElo "2368"]
[BlackElo "1979"]
[PlyCount "116"]
[EventDate "2021.06.24"]
[EventType "swiss (rapid)"]
[EventRounds "9"]
[EventCountry "RUS"]
[SourceTitle "CBM 203 Extra"]
[Source "ChessBase"]
[SourceDate "2021.09.30"]
[SourceVersion "1"]
[SourceVersionDate "2021.09.30"]
[SourceQuality "1"]

1. d4 d5 2. c4 e5 3. dxe5 d4 4. Nf3 Nc6 5. Nbd2 Be6 6. Nb3 Bxc4 7. Nbxd4 Bb4+ 8. Bd2 Nxd4 9. Bxb4 Nxf3+ 10. exf3 Bxf1 11. Qxd8+ Rxd8 12. Kxf1 Ne7 13. g3 Nd5 14. Ba3 b6 15. Kg2 c5 16. b3 Ke7 17. Bb2 Ke6 18. Rad1 Rhe8 19. f4 Rd7 20. Kf3 Red8 21. g4 g6 22. a3 Ne7 23. Rxd7 Rxd7 24. Re1 Nc6 25. Re3 a6 26. Bc3 Rd1 27. Ke4 Nd4 28. b4 Nc2 29. f5+ gxf5+ 30. gxf5+ Kd7 31. Rh3 Nxa3 32. bxc5 bxc5 33. Rxh7 Nb5 34. e6+ Kc6 35. Be5 fxe6 36. f6 Nd6+ 37. Bxd6 Kxd6 38. Ra7 Rd4+ 39. Ke3 Rh4 40. Rxa6+ Kd7 41. Ra7+ Ke8 42. Re7+ Kf8 43. Rxe6 Rxh2 44. f4 Kf7 45. Rc6 c4 46. Ke4 c3 47. Ke5 Re2+ 48. Kf5 c2 49. Rc7+ Kf8 50. Kg4 Rg2+ 51. Kf3 Rg6 52. Rxc2 Rxf6 53. Rc7 Rb6 54. Kg4 Ra6 55. Kg5 Ra5+ 56. f5 Ra6 57. Rb7 Rc6 58. Kh5 Ra6 1/2-1/2

[Event "Anapa Sea Harbor Cup Rapid"]
[Site "Anapa"]
[Date "2021.06.12"]
[Round "9"]
[White "Demidov, Mikhail"]
[Black "Sergeyev, Alexander"]
[Result "1-0"]
[WhiteElo "2523"]
[BlackElo "2368"]
[PlyCount "63"]
[EventDate "2021.06.11"]
[EventType "swiss (rapid)"]
[EventRounds "9"]
[EventCountry "RUS"]
[SourceTitle "CBM 202 Extra"]
[Source "ChessBase"]
[SourceDate "2021.07.31"]
[SourceVersion "1"]
[SourceVersionDate "2021.07.31"]
[SourceQuality "1"]

1. Nf3 d5 2. g3 Bg4 3. Ne5 Bh5 4. Bg2 e6 5. c4 Nd7 6. d4 c6 7. 0-0 Ngf6 8. Nc3 Nxe5 9. dxe5 Nd7 10. cxd5 exd5 11. f4 Bc5+ 12. Kh1 Qe7 13. Qc2 f6 14. e4 d4 15. exf6 gxf6 16. Na4 Bd6 17. b3 Nb6 18. e5 Bb4 19. a3 Nxa4 20. axb4 Nc3 21. Bd2 0-0 22. Bxc3 dxc3 23. Qxc3 fxe5 24. Rae1 Rae8 25. Rxe5 Qg7 26. Rfe1 Rxe5 27. Rxe5 Re8 28. Qc4+ Kh8 29. Rxh5 Qa1+ 30. Bf1 Re1 31. Kg2 Qb2+ 32. Kh3 1-0

[Event "RUS-chT2"]
[Site "Sochi"]
[Date "2021.05.02"]
[Round "2.1"]
[White "Sergeyev, Alexander"]
[Black "Drygalov, Andrey"]
[Result "1/2-1/2"]
[WhiteElo "2357"]
[BlackElo "2517"]
[PlyCount "93"]
[EventDate "2021.05.01"]
[EventType "team-swiss"]
[EventRounds "9"]
[EventCountry "RUS"]
[SourceTitle "CBM 202 Extra"]
[Source "ChessBase"]
[SourceDate "2021.07.31"]
[SourceVersion "1"]
[SourceVersionDate "2021.07.31"]
[SourceQuality "1"]
[WhiteTeam "Yamal"]
[BlackTeam "Cheliabinsk Yuzhnyy Ural"]
[WhiteTeamCountry "RUS"]
[BlackTeamCountry "RUS"]

1. d4 Nf6 2. c4 e6 3. Nf3 d5 4. Nc3 c6 5. cxd5 exd5 6. Qc2 Be7 7. Bg5 g6 8. e3 Bf5 9. Bd3 Bxd3 10. Qxd3 Nbd7 11. 0-0 0-0 12. Rab1 a5 13. Qc2 Re8 14. Rfd1 Bd6 15. Na4 Qc7 16. Bxf6 Nxf6 17. a3 Qe7 18. Nc5 Bxc5 19. dxc5 a4 20. Rbc1 Ra5 21. Ne1 Nd7 22. Nd3 Rea8 23. Qc3 Rb5 24. Rd2 Rb3 25. Qd4 Nf8 26. Nf4 Ra5 27. Rdc2 Ne6 28. Qe5 Rab5 29. h4 Qc7 30. Qf6 Qd8 31. Qe5 Ng7 32. h5 Qe8 33. Qf6 Qe4 34. Rd2 Ne8 35. Qd8 Kf8 36. hxg6 hxg6 37. Rd4 Qf5 38. Rxa4 Qf6 39. Qd7 Rxb2 40. Ra8 Qe7 41. Qh3 Kg7 42. Qc8 Rb1 43. Rxb1 Rxb1+ 44. Kh2 Kf8 45. Qh3 Kg7 46. Qc8 Kf8 47. Qh3 1/2-1/2

[Event "Urals-ch"]
[Site "Khanty-Mansiysk"]
[Date "2021.03.17"]
[Round "7"]
[White "Radzhabov, Rodion"]
[Black "Sergeyev, Alexander"]
[Result "0-1"]
[WhiteElo "2344"]
[BlackElo "2356"]
[PlyCount "104"]
[EventDate "2021.03.11"]
[EventType "swiss"]
[EventRounds "9"]
[EventCountry "RUS"]
[SourceTitle "CBM 201 Extra"]
[Source "ChessBase"]
[SourceDate "2021.05.31"]
[SourceVersion "1"]
[SourceVersionDate "2021.05.31"]
[SourceQuality "1"]

1. e4 e6 2. d4 d5 3. Nd2 c5 4. exd5 exd5 5. Ngf3 Nc6 6. Bb5 Bd6 7. dxc5 Bxc5 8. Nb3 Bd6 9. Nfd4 Nge7 10. 0-0 0-0 11. c3 Ne5 12. Be2 a6 13. a4 Qc7 14. Re1 Bd7 15. Qc2 Rae8 16. h3 N7g6 17. Nf5 Bxf5 18. Qxf5 Nh4 19. Qh5 Nd3 20. Rd1 Re5 21. Qxh4 Rxe2 22. Be3 Rxb2 23. Rxd3 Rxb3 24. Rxd5 Rxc3 25. Qd4 Rc4 26. Qd3 Bf4 27. Bxf4 Qxf4 28. a5 Rc1+ 29. Rxc1 Qxc1+ 30. Kh2 Qf4+ 31. Qg3 Qf6 32. Qe3 g6 33. Qb6 Qxb6 34. axb6 Kg7 35. Rd7 Rb8 36. Kg3 Kf6 37. Kf3 Ke6 38. Rc7 h5 39. g4 hxg4+ 40. hxg4 a5 41. Rc5 Kd6 42. Rxa5 Kc6 43. Re5 Rd8 44. Re3 Rd6 45. Re7 Rf6+ 46. Kg3 Kxb6 47. f4 Kc6 48. f5 gxf5 49. g5 f4+ 50. Kg4 f3 51. Re1 Rg6 52. Kf5 b5 0-1

[Event "Urals-ch"]
[Site "Khanty-Mansiysk"]
[Date "2021.03.13"]
[Round "3"]
[White "Savitskiy, Sergey"]
[Black "Sergeyev, Alexander"]
[Result "1-0"]
[WhiteElo "2427"]
[BlackElo "2356"]
[PlyCount "103"]
[EventDate "2021.03.11"]
[EventType "swiss"]
[EventRounds "9"]
[EventCountry "RUS"]
[SourceTitle "CBM 201 Extra"]
[Source "ChessBase"]
[SourceDate "2021.05.31"]
[SourceVersion "1"]
[SourceVersionDate "2021.05.31"]
[SourceQuality "1"]

1. e4 e5 2. Nc3 Nf6 3. g3 c6 4. d4 Qa5 5. Bg2 Bb4 6. Nge2 d5 7. exd5 Nxd5 8. 0-0 Nxc3 9. Nxc3 0-0 10. dxe5 Be6 11. Ne4 Qxe5 12. Bf4 Qf5 13. c3 Be7 14. Nd6 Bxd6 15. Qxd6 Nd7 16. Qc7 Qb5 17. b3 Rac8 18. Qd6 h6 19. Rfe1 Rfd8 20. Qa3 a6 21. c4 Qh5 22. Bd6 Bh3 23. Be7 Bxg2 24. Kxg2 Re8 25. Qd6 Nf8 26. Re5 Qg6 27. Bxf8 Rxf8 28. Qxg6 fxg6 29. Rd1 Rc7 30. f4 Rf5 31. Kf3 Rff7 32. Rd8+ Rf8 33. Rd4 g5 34. f5 h5 35. Ke4 Kf7 36. Rd6 Re8 37. Rxe8 Kxe8 38. Rg6 Re7+ 39. Kd4 Kf7 40. Rxg5 Re2 41. Rxh5 Rxa2 42. Rh8 Ra3 43. Kc3 Ra5 44. g4 Re5 45. Kd4 Re2 46. h4 Rb2 47. g5 Rxb3 48. g6+ Ke7 49. Rg8 c5+ 50. Ke4 b5 51. Rxg7+ Kd6 52. f6 1-0

[Event "Urals-ch"]
[Site "Khanty-Mansiysk"]
[Date "2021.03.11"]
[Round "1"]
[White "Ermakov, Kirill Il"]
[Black "Sergeyev, Alexander"]
[Result "0-1"]
[WhiteElo "1774"]
[BlackElo "2356"]
[PlyCount "30"]
[EventDate "2021.03.11"]
[EventType "swiss"]
[EventRounds "9"]
[EventCountry "RUS"]
[SourceTitle "CBM 201 Extra"]
[Source "ChessBase"]
[SourceDate "2021.05.31"]
[SourceVersion "1"]
[SourceVersionDate "2021.05.31"]
[SourceQuality "1"]

1. d4 d5 2. c4 c6 3. Nf3 Nf6 4. Qc2 dxc4 5. Qxc4 b5 6. Qc2 Bb7 7. Nbd2 Nbd7 8. Nb3 Qb6 9. Nc5 e5 10. Nxb7 exd4 11. Nxd4 Qxd4 12. Bd2 Ne4 13. e3 Qxd2+ 14. Qxd2 Nxd2 15. Kxd2 Rb8 0-1

[Event "Titled Tuesday intern op 03rd Nov"]
[Site "Chess.com INT"]
[Date "2020.11.03"]
[Round "3"]
[White "Antonova, Nadezhda"]
[Black "Sergeyev, Alexander"]
[Result "1-0"]
[WhiteElo "1877"]
[BlackElo "2374"]
[PlyCount "103"]
[EventDate "2020.11.03"]
[EventType "swiss (blitz)"]
[EventRounds "11"]
[EventCountry "USA"]
[SourceTitle "CBM 199 Extra"]
[Source "ChessBase"]
[SourceDate "2021.01.31"]
[SourceVersion "1"]
[SourceVersionDate "2021.01.31"]
[SourceQuality "1"]

1. d4 d5 2. Nf3 c6 3. e3 Nf6 4. c4 Bf5 5. Nc3 e6 6. Nh4 Bg4 7. Qb3 Qb6 8. h3 Bh5 9. g4 Bg6 10. Nxg6 hxg6 11. Bg2 Nbd7 12. 0-0 Qc7 13. f4 0-0-0 14. cxd5 exd5 15. Bd2 g5 16. fxg5 Nxg4 17. hxg4 Qh2+ 18. Kf2 Bd6 19. Ne2 Qh4+ 20. Kf3 Qxg5 21. Qd3 f5 22. gxf5 Rdf8 23. Nf4 Rxf5 24. Rh1 Rhf8 25. Rag1 Qe7 26. Bh3 R5f6 27. Rg4 g5 28. Rxg5 Rxf4+ 29. exf4 Qxg5 30. Bxd7+ Kxd7 31. Rh7+ Kc8 32. Qe3 Rxf4+ 33. Ke2 Re4 34. Rh8+ Kc7 35. Qxe4 Qxd2+ 36. Kxd2 dxe4 37. Re8 c5 38. Rxe4 cxd4 39. Rxd4 Bc5 40. Rc4 Kb6 41. Kc2 a6 42. Rg4 Bd6 43. a3 Kc7 44. Rg6 Be5 45. b3 Kb8 46. a4 Ka7 47. Kd3 Bc7 48. Kc4 Be5 49. b4 Bb2 50. a5 Bc1 51. Rf6 Be3 52. Rf7 1-0

[Event "RUS-ch Higher League 73rd"]
[Site "Sochi"]
[Date "2020.10.14"]
[Round "6"]
[White "Rodchenkov, Vitaly"]
[Black "Sergeyev, Alexander"]
[Result "1-0"]
[WhiteElo "2321"]
[BlackElo "2374"]
[PlyCount "69"]
[EventDate "2020.10.08"]
[EventType "swiss"]
[EventRounds "9"]
[EventCountry "RUS"]
[SourceTitle "CBM 198 Extra"]
[Source "ChessBase"]
[SourceDate "2020.11.30"]
[SourceVersion "1"]
[SourceVersionDate "2020.11.30"]
[SourceQuality "1"]

1. d4 Nf6 2. Nf3 e6 3. c4 b6 4. a3 Bb7 5. Nc3 Be7 6. d5 exd5 7. cxd5 0-0 8. g3 Re8 9. Bg2 c6 10. d6 Bf8 11. 0-0 Re6 12. Ng5 Rxd6 13. Qb3 Re6 14. Nxe6 fxe6 15. Bg5 h6 16. Bxf6 Qxf6 17. Rad1 d5 18. e4 Na6 19. exd5 Nc5 20. Qc2 cxd5 21. b4 Nd7 22. Qb3 Kh8 23. f4 Rc8 24. Nb5 a6 25. Nd4 Rc4 26. Ne2 a5 27. f5 axb4 28. fxe6 Qxe6 29. Nf4 Bc5+ 30. Kh1 Qg4 31. Bxd5 Rc3 32. Qb1 Bxd5+ 33. Rxd5 Rf3 34. axb4 Bf2 35. Qf5 1-0

[Event "Urals-ch 78th"]
[Site "Cheliabinsk"]
[Date "2020.10.03"]
[Round "7"]
[White "Radzhabov, Rodion"]
[Black "Sergeyev, Alexander"]
[Result "0-1"]
[WhiteElo "2351"]
[BlackElo "2395"]
[PlyCount "142"]
[EventDate "2020.09.27"]
[EventType "swiss"]
[EventRounds "9"]
[EventCountry "RUS"]
[SourceTitle "CBM 198 Extra"]
[Source "ChessBase"]
[SourceDate "2020.11.30"]
[SourceVersion "1"]
[SourceVersionDate "2020.11.30"]
[SourceQuality "1"]

1. e4 e6 2. d4 d5 3. Nd2 Nf6 4. e5 Nfd7 5. Bd3 c5 6. c3 Nc6 7. Ne2 Qb6 8. Nf3 cxd4 9. cxd4 Qb4+ 10. Bd2 Qxb2 11. Rb1 Qa3 12. Rb3 Qe7 13. Qb1 Nb6 14. 0-0 Nc4 15. Bxc4 dxc4 16. Rc3 Qd8 17. Rxc4 Be7 18. Nf4 0-0 19. Qe4 g6 20. h4 Bd7 21. d5 exd5 22. Nxd5 Bf5 23. Nxe7+ Qxe7 24. Qe3 Rfd8 25. Re1 Rd3 26. Qf4 Rad8 27. Bc1 Be6 28. Rc2 Bd5 29. Ng5 Rd4 30. Qe3 Rxh4 31. Ba3 Qd7 32. e6 Bxe6 33. Nxe6 Qxe6 34. Qxe6 fxe6 35. Rxc6 bxc6 36. Be7 Rhd4 37. Bxd8 Rxd8 38. Rxe6 Rd1+ 39. Kh2 Rd2 40. a4 Rxf2 41. Rxc6 a5 42. Ra6 Rf5 43. Ra7 Rg5 44. Kg1 h5 45. Kf2 Kf8 46. Kf3 Ke8 47. g3 Kd8 48. Kf2 Kc8 49. Kf3 Kb8 50. Rg7 Rg4 51. Kf2 Kc8 52. Kf3 Kd8 53. Ra7 Rxa4 54. Ra6 g5 55. Rh6 g4+ 56. Kf2 Re4 57. Rxh5 a4 58. Rh7 Kc8 59. Rg7 Kb8 60. Rd7 a3 61. Rd1 Kc7 62. Ra1 Ra4 63. Ke3 Kd6 64. Ra2 Kc5 65. Kd3 Kb4 66. Kc2 Ra8 67. Kb1 Rf8 68. Re2 Rf3 69. Re8 Rxg3 70. Rb8+ Kc4 71. Rd8 Rd3 0-1

[Event "Titled Tuesday intern op 22nd Sept"]
[Site "Chess.com INT"]
[Date "2020.09.22"]
[Round "5"]
[White "Swati, Mohota"]
[Black "Sergeyev, Alexander"]
[Result "0-1"]
[WhiteElo "2027"]
[BlackElo "2395"]
[PlyCount "84"]
[EventDate "2020.09.22"]
[EventType "swiss (blitz)"]
[EventRounds "10"]
[EventCountry "USA"]
[SourceTitle "CBM 198 Extra"]
[Source "ChessBase"]
[SourceDate "2020.11.30"]
[SourceVersion "1"]
[SourceVersionDate "2020.11.30"]
[SourceQuality "1"]

1. d4 d5 2. c4 c6 3. Nf3 Nf6 4. e3 g6 5. Nc3 Bg7 6. Be2 0-0 7. 0-0 Bg4 8. Ne5 Bxe2 9. Qxe2 Nbd7 10. f4 dxc4 11. Nxc4 c5 12. dxc5 Nxc5 13. Rd1 Qc7 14. Bd2 Rfd8 15. Be1 a6 16. Rac1 b5 17. Ne5 Qb6 18. Bf2 Nfe4 19. Nxe4 Nxe4 20. Nc6 Rxd1+ 21. Qxd1 e6 22. Qd7 Bxb2 23. Ne7+ Kg7 24. Rc7 Rf8 25. Nc6 Nf6 26. Qe7 Ba3 27. Rb7 Qxc6 28. Qc7 Qxc7 29. Rxc7 Rd8 30. Bh4 Rd2 31. h3 Nd5 32. Ra7 Nxe3 33. Rxa6 Rxg2+ 34. Kh1 Rxa2 35. Rb6 b4 36. Bd8 Nd5 37. Rb7 Rf2 38. Kg1 Rxf4 39. Ba5 Re4 40. Kf2 Bb2 41. Kf3 Rf4+ 42. Ke2 Be5 0-1

[Event "Cheliabinsk Panchenko Memorial op-A"]
[Site "Cheliabinsk"]
[Date "2020.09.10"]
[Round "4"]
[White "Sergeyev, Alexander"]
[Black "Yusupkhodzhaev, Vladimir"]
[Result "1-0"]
[WhiteElo "2395"]
[BlackElo "1958"]
[PlyCount "83"]
[EventDate "2020.09.07"]
[EventType "swiss"]
[EventRounds "9"]
[EventCountry "RUS"]
[SourceTitle "CBM 198 Extra"]
[Source "ChessBase"]
[SourceDate "2020.11.30"]
[SourceVersion "1"]
[SourceVersionDate "2020.11.30"]
[SourceQuality "1"]

1. e4 c5 2. Nf3 e6 3. g3 Nc6 4. Bg2 Nf6 5. Nc3 d6 6. 0-0 a6 7. d4 cxd4 8. Nxd4 Bd7 9. a4 Be7 10. Nb3 Qc7 11. a5 Ne5 12. Qe2 0-0 13. f4 Nc4 14. e5 dxe5 15. fxe5 Nxe5 16. Bf4 Bd6 17. Rad1 Nc4 18. Rxd6 Nxd6 19. Qd3 Nfe8 20. Bxd6 Nxd6 21. Rd1 Bc6 22. Qxd6 Qxd6 23. Rxd6 Bxg2 24. Kxg2 Rfd8 25. Rb6 Rd7 26. Ne4 Rc8 27. c3 Rdc7 28. Nd6 Rb8 29. Nd4 Kf8 30. c4 Ke7 31. b4 g6 32. c5 e5 33. Nf3 f6 34. g4 Rc6 35. g5 Rxb6 36. axb6 Ke6 37. gxf6 Kxf6 38. Nd2 Ke6 39. Kf3 Kd5 40. Nb3 e4+ 41. Ke2 g5 42. Na5 1-0

[Event "Cheliabinsk Kurnosov Memorial rapid"]
[Site "Cheliabinsk"]
[Date "2020.09.04"]
[Round "2"]
[White "Chigaev, Maksim"]
[Black "Sergeyev, Alexander"]
[Result "1-0"]
[WhiteElo "2588"]
[BlackElo "2395"]
[PlyCount "84"]
[EventDate "2020.09.04"]
[EventType "swiss (rapid)"]
[EventRounds "11"]
[EventCountry "RUS"]
[SourceTitle "CBM 198 Extra"]
[Source "ChessBase"]
[SourceDate "2020.11.30"]
[SourceVersion "1"]
[SourceVersionDate "2020.11.30"]
[SourceQuality "1"]

1. e4 e5 2. Nf3 Nf6 3. Nxe5 d6 4. Nf3 Nxe4 5. d3 Nf6 6. d4 Be7 7. Bd3 0-0 8. 0-0 c5 9. Re1 Nc6 10. h3 Nb4 11. Bf1 Bf5 12. Na3 d5 13. c3 Nc6 14. dxc5 Bxc5 15. Nb5 Qb6 16. Be3 Bxe3 17. Rxe3 Be4 18. Qb3 Rad8 19. Nbd4 Bxf3 20. Qxb6 axb6 21. Nxf3 Rfe8 22. Rxe8+ Rxe8 23. Rd1 Kf8 24. a3 h6 25. Bb5 Re6 26. Kf1 g6 27. g4 Re4 28. Bd3 Re6 29. Bc2 Ke7 30. Bb3 Na5 31. Bxd5 Nxd5 32. Rxd5 Nc4 33. Rb5 Rf6 34. Ke2 Kd7 35. Rb4 Na5 36. Ne5+ Kc7 37. Nd3 Re6+ 38. Kd2 Rd6 39. Rf4 f6 40. Re4 b5 41. Kc2 Nc4 42. a4 Nb6 1-0